Biggest Cities in Taiwan - Statistics

General Stats
  • This quiz has been taken 185 times
  • The average score is 7 of 14
Answer Stats
Population City % Correct
3,995,717 New Taipei City
100%
2,668,572 Taipei
100%
2,773,533 Kaohsiung
79%
2,803,894 Taichung
77%
1,883,831 Tianan
71%
2,220,872 Taoyuan
47%
445,635 Hsinchu
44%
370,155 Keelung
42%
268,622 Chiayi
37%
232,729 Changhua
25%
199,606 Pingtung
22%
124,890 Yuanlin
16%
108,542 Douliu
15%
187,336 Zhubei
14%
No matching quizzes found
Score Distribution
Percent of People with Each Score
Percentile by Number Answered
Your Score History
You have not taken this quiz